000 00286nam a22001337a 4500
008 170911b xxu||||| |||| 00| 0 eng d
020 _a9780465009367
041 _aeng
080 _a52
100 _a42
101 _aAST
245 _aTHE CROWDED UNIVERSE
_cBOSS, A
942 _2udc
_cBK
999 _c27032
_d27032